000
00210nam a2200109Ia 4500
100
_a
Dept of Humanities
942
_c
BK
245
_a
Applied Chemsitry II
260
_b
#N/A
546
_a
ENGLISH
999
_c
21871
_d
21871